Russian literature Quiz Stats

 Plays Quiz not verified by Sporcle

Challenge
Share
Tweet
Embed
Score 0/10 Timer 06:00
0 Plays Today
Title Author % Correct
Heart of a Dog (Sobachye serdtse)Mikhail Bulgakov
67%
In the First Circle (V kruge pervom)Aleksandr Solzhenitsyn
60.8%
Nikita's Childhood (Detstvo Nikity)Aleksey Tolstoy
35.1%
Tavern Moscow (Moskva kabatskaya)Sergey Yesenin
6.2%
People, Years, Life (Lyudi, Gody, Zhizn)Ilya Erenburg
6.2%
Children of the Arbat (Deti Arbata)Anatoli Rybakov
6.2%
Russian Beauty (Russkaya krasavitsa)Viktor Erofeyev
5.2%
Not by Bread Alone (Ne khlebom edinym)Vladimir Dudintsev
4.1%
The Iron Flood (Zheleznyj potok)Aleksandr Serafimovich
3.1%
Moscow 1942 (Moskva 1942)Vladimir Voynovich
1%

You're not logged in!

Compare scores with friends on all Sporcle quizzes.
Join for Free
OR
Log In

You Might Also Like...

Show Comments

Extras

Top Quizzes Today


Score Distribution

Your Account Isn't Verified!

In order to create a playlist on Sporcle, you need to verify the email address you used during registration. Go to your Sporcle Settings to finish the process.

Report this User

Report this user for behavior that violates our Community Guidelines.

Details: